000 00655nam a2200241 a 4500
001 nice12345678
003 IN_TiNIC
005 20260116011637.0
008 050524s1919 newa grp 000 0 eng
020 _a
_c100
082 0 0 _a297.124
_bGOL
100 _aGoldsack, William
245 _aTradition in Islam
_b Being an Essay on the Origin and Value of Muhaddan Trad
260 _aNew Delhi
_bA.P.H.Publishing Corporation
_c1919
300 _a105p
500 _aincludes index and biblioraphy
505 2 _aill
650 _aHadith-Criticism-interpretation
700 1 _aGoldsack, William
902 _bSRS
942 _cBK
999 _c3091
_d3091